Beatles songs written by George Harrison - Statistics

General Stats
  • This quiz has been taken 40 times
  • The average score is 9 of 14
Answers on the Grid
Answers color-coded by a green-red scale on the quiz's grid according to % correct below.
Blue jay way
I want to tell you
Michelle
Twist and shout
The night before
Across the universe
I me mine
Piggies
Don't let me down
Old brown shoe
I feel fine
You like me too much
Savoy Truffle
Long, long, long
Dear Prudence
You can't do that
Something
Do you want to know a secret
Think for yourself
I am the walrus
Misery
The inner light
I'm happy just to dance with you
It won't be long
Love you to
Rain
Honey Pie
I've just seen a face
I need you
Devil in her heart
Things we said today
Don't bother me
 
Answer Stats
Answer % Correct
Blue jay way
89%
Piggies
79%
Savoy Truffle
79%
I me mine
71%
Old brown shoe
68%
Something
64%
Don't bother me
57%
I want to tell you
57%
Long, long, long
54%
Think for yourself
54%
I need you
50%
Love you to
50%
The inner light
46%
You like me too much
46%
No matching quizzes found
Score Distribution
Percent of People with Each Score
Percentile by Number Answered
Your Score History
You have not taken this quiz